<?xml version="1.0" encoding="UTF-8"?>
<record
    xmlns:xsi="http://www.w3.org/2001/XMLSchema-instance"
    xsi:schemaLocation="http://www.loc.gov/MARC21/slim http://www.loc.gov/standards/marcxml/schema/MARC21slim.xsd"
    xmlns="http://www.loc.gov/MARC21/slim">

  <leader>01912nam a22002057a 4500</leader>
  <controlfield tag="003">OSt</controlfield>
  <controlfield tag="005">20260326102140.0</controlfield>
  <controlfield tag="008">260326b        |||||||| |||| 00| 0 esp d</controlfield>
  <datafield tag="082" ind1=" " ind2=" ">
    <subfield code="2">0789918250 </subfield>
  </datafield>
  <datafield tag="100" ind1=" " ind2=" ">
    <subfield code="a">Max Lucado</subfield>
  </datafield>
  <datafield tag="245" ind1=" " ind2=" ">
    <subfield code="a">&#xC9;l escogi&#xF3; los clavos</subfield>
  </datafield>
  <datafield tag="250" ind1=" " ind2=" ">
    <subfield code="a">1ra edicion </subfield>
  </datafield>
  <datafield tag="260" ind1=" " ind2=" ">
    <subfield code="a">miami </subfield>
    <subfield code="b"> Editorial Unilit / Spanish House</subfield>
    <subfield code="c">2011</subfield>
  </datafield>
  <datafield tag="300" ind1=" " ind2=" ">
    <subfield code="a">224 p&#xE1;ginas.</subfield>
    <subfield code="b">papel bond econ&#xF3;mico,</subfield>
    <subfield code="c">10.8 x 1.3 x 17.1 cm</subfield>
  </datafield>
  <datafield tag="490" ind1=" " ind2=" ">
    <subfield code="3">Tapa blanda</subfield>
  </datafield>
  <datafield tag="520" ind1=" " ind2=" ">
    <subfield code="a"> El simbolismo de los objetos
Cada cap&#xED;tulo toma un elemento de la Pasi&#xF3;n y explica qu&#xE9; significa para nosotros hoy:
Los clavos: Representan el perd&#xF3;n de los pecados. Lucado explica que Dios no solo clav&#xF3; las manos de Jes&#xFA;s, sino tambi&#xE9;n nuestra "lista de deudas" pendientes.
La corona de espinas: Simboliza que Jes&#xFA;s llev&#xF3; sobre s&#xED; nuestros pensamientos pecaminosos, la ansiedad y el orgullo.
La t&#xFA;nica (sin costura): Refleja la integridad de Cristo y c&#xF3;mo &#xC9;l nos viste con su justicia, en lugar de nuestros propios "trapos" sucios.
El letrero (INRI): Demuestra que el mensaje de Dios es para todos los idiomas y naciones, sin exclusi&#xF3;n.
Una invitaci&#xF3;n personal
El tema central es que Dios tuvo el control en todo momento. Lucado argumenta que Jes&#xFA;s no fue una v&#xED;ctima de las circunstancias; &#xC9;l "escogi&#xF3;" los clavos. Pudo haberse bajado de la cruz, pero se qued&#xF3; all&#xED; por amor.
El enfoque de la "Serie Favoritos"
Como esta edici&#xF3;n pertenece a la serie Favoritos, el lenguaje es sumamente sencillo, directo y lleno de an&#xE9;cdotas cotidianas que hacen que la teolog&#xED;a sea f&#xE1;cil de entender para cualquier lector.</subfield>
  </datafield>
  <datafield tag="650" ind1=" " ind2=" ">
    <subfield code="a">T&#xE9;rmino: Jesucristo &#x2014; Pasi&#xF3;n. T&#xE9;rmino alternativo: Vida cristiana. Nombre geogr&#xE1;fico (si aplica): Jerusal&#xE9;n.</subfield>
    <subfield code="x">Subdivisi&#xF3;n: &#x2014; Aspectos religiosos &#x2014; Cristianismo. Subdivisi&#xF3;n de forma: &#x2014; Meditaciones </subfield>
    <subfield code="y">Periodo: &#x2014; Siglo I</subfield>
  </datafield>
  <datafield tag="700" ind1=" " ind2=" ">
    <subfield code="a"> Lucado, Max.</subfield>
  </datafield>
  <datafield tag="942" ind1=" " ind2=" ">
    <subfield code="2">ddc</subfield>
    <subfield code="c">BK</subfield>
    <subfield code="n">0</subfield>
  </datafield>
  <datafield tag="952" ind1=" " ind2=" ">
    <subfield code="0">0</subfield>
    <subfield code="1">0</subfield>
    <subfield code="2">ddc</subfield>
    <subfield code="4">0</subfield>
    <subfield code="7">0</subfield>
    <subfield code="8">F02</subfield>
    <subfield code="a">ISUS</subfield>
    <subfield code="b">ISUS</subfield>
    <subfield code="c">Biblioteca Abierta</subfield>
    <subfield code="d">2026-03-26</subfield>
    <subfield code="e">PSICOLOGIA </subfield>
    <subfield code="f">0457</subfield>
    <subfield code="i">0457</subfield>
    <subfield code="l">0</subfield>
    <subfield code="o">LECTURA</subfield>
    <subfield code="p">BIBLIO0457</subfield>
    <subfield code="r">2026-03-26 10:25:13</subfield>
    <subfield code="t">1</subfield>
    <subfield code="w">2026-03-26</subfield>
    <subfield code="y">BKA</subfield>
  </datafield>
  <datafield tag="999" ind1=" " ind2=" ">
    <subfield code="c">2029</subfield>
    <subfield code="d">2029</subfield>
  </datafield>
</record>
